[Event "7th HD Bank Cup 2017"]
[Site "masterchessopen.com Ho Chi Minh City VIE"]
[Date "2017.03.14"]
[Round "4.2"]
[White "Le Quang Liem"]
[Black "Nguyen,Anh Khoi"]
[Result "1-0"]
[WhiteElo "2712"]
[BlackElo "2459"]

1.d4 Nf6 2.c4 g6 3.Nc3 d5 4.Nf3 Bg7 5.cxd5 Nxd5 6.e4 Nxc3 7.bxc3 c5 8.Rb1 O-O
9.Be2 b6 10.O-O Bb7 11.d5 Bxc3 12.Bc4 Bg7 13.Qe2 Qc8 14.e5 Ba6 15.e6 fxe6
16.Ng5 Rf5 17.Nxe6 Re5 18.Qd3 Bxc4 19.Qxc4 Rxe6 20.dxe6 Nc6 21.Be3 Bd4 22.Rbd1
Qb7 23.Qd5 Rd8 24.Qe4 Qc8 25.Rfe1 Rf8 26.Qd5 Rd8 27.Qe4 Rf8 28.h4 Rf5 29.Bf4
Qf8 30.Bg3 Nb4 31.Rxd4 cxd4 32.Rd1 Rc5 33.Rxd4 Nc6 34.Rd5 Rc1+ 35.Kh2 Qf6
36.f3 Qa1 37.Bf2 Rh1+ 38.Kg3 Qf6 39.Be3 Qa1 40.Bf2 Qf6 41.Rd7 g5 42.Be3 gxh4+
43.Kf2 h3 44.Qxc6 Qh4+ 45.g3 Rh2+ 46.Kf1 Rh1+ 47.Ke2 Rh2+ 48.Kd3 Qb4 49.Qc8+
Kg7 50.Bd4+ Kh6 51.Qf8+ {#r} 1-0

[Event "7th HD Bank Cup 2017"]
[Site "masterchessopen.com Ho Chi Minh City VIE"]
[Date "2017.03.14"]
[Round "4.8"]
[White "Cheparinov,I"]
[Black "Saduakassova,D"]
[Result "1-0"]
[WhiteElo "2698"]
[BlackElo "2428"]

1.Nf3 d5 2.d4 Nf6 3.c4 e6 4.g3 c5 5.Bg2 cxd4 6.Nxd4 e5 7.Nb3 d4 8.O-O Nc6 9.f4
Bd6 10.Na3 O-O 11.c5 Be7 12.Nb5 Ng4 13.Qd3 Be6 14.h3 Nf6 15.fxe5 Nd7 16.N5xd4
Nxd4 17.Nxd4 Bxc5 18.Be3 Qb6 19.Kh1 Rfe8 20.Nxe6 Qxe6 21.Bxc5 Nxc5 22.Qd5 Rac8
23.b4 Red8 24.Qf3 Nd7 25.Qxb7 Qxe5 26.Rac1 Rb8 27.Qxa7 Qxg3 28.Qc7 Qxc7
29.Rxc7 Ne5 30.Rb1 Rd2 31.b5 Rxa2 32.b6 Rd2 33.b7 Rdd8 34.Ra1 Nd7 35.Rd1 Nb6
36.Rxd8+ Rxd8 37.Rc6 Nd7 38.Rd6 {#r} 1-0

[Event "7th HD Bank Cup 2017"]
[Site "masterchessopen.com Ho Chi Minh City VIE"]
[Date "2017.03.14"]
[Round "4.9"]
[White "Vo Thanh Ninh"]
[Black "Wei Yi"]
[Result "0-1"]
[WhiteElo "2414"]
[BlackElo "2725"]

1.g3 g6 2.Bg2 Bg7 3.c4 c5 4.Nc3 Nc6 5.d3 d6 6.Nf3 e5 7.Nd5 Nge7 8.Bg5 h6
9.Bxe7 Nxe7 10.Nd2 O-O 11.Nxe7+ Qxe7 12.Ne4 Rb8 13.Nc3 Be6 14.O-O Kh7 15.Rb1
a6 16.Nd5 Qd7 17.Nb6 Qd8 18.Qb3 h5 19.a4 h4 20.a5 Qg5 21.Nd5 hxg3 22.hxg3 f5
23.f4 exf4 24.gxf4 Qg4 25.Rf3 Bxd5 26.cxd5 Rfe8 27.Qc2 Re3 28.Rbf1 Bd4 29.Kh2
Rh8 30.Rh3+ Rxh3+ 31.Bxh3 Kg7 {#R} 0-1

[Event "7th HD Bank Cup 2017"]
[Site "masterchessopen.com Ho Chi Minh City VIE"]
[Date "2017.03.14"]
[Round "4.11"]
[White "Cao,S"]
[Black "Goganov,A"]
[Result "0-1"]
[WhiteElo "2406"]
[BlackElo "2621"]

1.e4 e5 2.Nf3 Nc6 3.Bb5 Nf6 4.d3 Bc5 5.Nc3 O-O 6.O-O d6 7.h3 Nd4 8.Bc4 a6 9.a3
b5 10.Ba2 Be6 11.Nxd4 Bxd4 12.Nd5 Nxd5 13.exd5 Bd7 14.c3 Bb6 15.Be3 Bxe3
16.fxe3 Qg5 17.Qf3 f5 18.Rae1 f4 19.Rf2 Rf6 20.exf4 Rxf4 21.Qe3 Bxh3 22.d4
Raf8 23.Qd2 Qg3 24.Rxf4 exf4 25.Qf2 Qg5 26.Qd2 Bg4 27.Rf1 h5 28.Bb1 h4 29.Kh2
Qh6 30.Qd3 f3 31.Kg1 h3 32.gxf3 Bf5 33.Qxf5 Rxf5 34.Bxf5 Qe3+ 35.Kh1 Qe2
36.Bxh3 Qxb2 37.Be6+ Kf8 38.Rg1 Qxc3 39.Rg3 Qxa3 40.Rh3 Qa1+ 41.Kg2 Qxd4
42.Rh8+ Ke7 43.Rc8 Qc3 44.Bg4 b4 45.Bh5 Qc2+ 46.Kg3 g6 47.Bg4 b3 48.Rh8 b2
49.Rh7+ Kf8 {#R} 0-1

[Event "7th HD Bank Cup 2017"]
[Site "masterchessopen.com Ho Chi Minh City VIE"]
[Date "2017.03.14"]
[Round "4.12"]
[White "Rozum,I"]
[Black "Vignesh,N R"]
[Result "1-0"]
[WhiteElo "2600"]
[BlackElo "2405"]

1.d4 Nf6 2.c4 e6 3.Nf3 Bb4+ 4.Nbd2 b6 5.a3 Bxd2+ 6.Qxd2 a5 7.b3 O-O 8.g3 Bb7
9.Bg2 d6 10.O-O Nbd7 11.Bb2 Qe7 12.d5 e5 13.Nh4 Rfe8 14.Nf5 Qf8 15.f4 exf4
16.gxf4 Nh5 17.Bf3 Ndf6 18.Kh1 g6 19.Qd4 c5 20.Qc3 gxf5 21.Rg1+ Qg7 22.Bxh5
Qxg1+ 23.Rxg1+ {#r} 1-0

[Event "7th HD Bank Cup 2017"]
[Site "masterchessopen.com Ho Chi Minh City VIE"]
[Date "2017.03.14"]
[Round "4.14"]
[White "Shyam,SM"]
[Black "Lin,Yi"]
[Result "1-0"]
[WhiteElo "2536"]
[BlackElo "2403"]

1.e4 e5 2.Nf3 Nf6 3.Nxe5 d6 4.Nf3 Nxe4 5.d4 d5 6.Bd3 Nc6 7.O-O Be7 8.Nc3 Nxc3
9.bxc3 Bg4 10.Rb1 Rb8 11.Re1 O-O 12.Bf4 Bd6 13.Bxd6 Qxd6 14.Re3 Qd7 15.Qd2 Bf5
16.Rbe1 Bxd3 17.Qxd3 h6 18.Qe2 Rfd8 19.h3 Kf8 20.Qd3 Kg8 21.g4 g6 22.Qe2 b5
23.Ne5 Nxe5 24.Rxe5 b4 25.cxb4 Rxb4 26.Qd2 Rdb8 27.Re7 Qd6 28.Qxh6 Rb1 29.Qe3
Qb4 30.Rxb1 Qxb1+ 31.Kg2 Qxc2 32.Qf4 Rf8 33.h4 c5 34.h5 gxh5 35.dxc5 Qg6
36.Re5 Qxg4+ 37.Qxg4+ hxg4 38.Rxd5 Rc8 39.Kg3 Rc6 40.Kxg4 Ra6 41.Rd2 Ra4+
42.f4 Rc4 43.Rd7 Rxc5 44.Rxa7 Kg7 45.Ra6 Kf8 46.f5 Ke7 47.Kg5 Rc2 48.Ra7+ Kf8
49.a4 Kg7 50.f6+ Kg8 51.a5 Rg2+ 52.Kf5 Rf2+ 53.Ke5 Re2+ 54.Kf5 Rf2+ 55.Ke5
Re2+ 56.Kd6 Re6+ 57.Kc7 Rxf6 58.a6 Kg7 59.Ra8 Rf1 60.Rb8 Rc1+ 61.Kb7 Rb1+
62.Ka8 Ra1 63.a7 Kf6 64.Rb5 Kg6 65.Kb7 f6 66.Kb6 {#r} 1-0

[Event "7th HD Bank Cup 2017"]
[Site "masterchessopen.com Ho Chi Minh City VIE"]
[Date "2017.03.14"]
[Round "4.15"]
[White "Wynn Zaw Htun"]
[Black "Vishnu,P"]
[Result "0-1"]
[WhiteElo "2405"]
[BlackElo "2534"]

1.Nf3 g6 2.e4 c5 3.g3 Bg7 4.Bg2 Nc6 5.O-O d6 6.c3 e5 7.d3 Nge7 8.a3 O-O 9.b4
a6 10.Nbd2 h6 11.Rb1 Be6 12.Qe2 b5 13.Rd1 Qc7 14.Qe3 Rfd8 15.Bb2 cxb4 16.axb4
d5 17.Qe2 d4 18.Rdc1 dxc3 19.Bxc3 Qd6 20.Bf1 Rac8 21.Nb3 Nxb4 22.Bxb4 Qxb4
23.Nc5 Rxc5 24.Rxb4 Rxc1 25.Kg2 Bg4 26.Rb2 Nc6 27.Qe3 Bxf3+ 28.Qxf3 Nd4 29.Qe3
Rdc8 30.Ra2 Rb1 31.f4 exf4 32.gxf4 b4 33.e5 b3 34.Rxa6 Nf5 35.Qe4 Rc2+ 36.Kh3
Rxf1 37.e6 Rcf2 38.exf7+ Kh7 39.Rxg6 Rxf4 40.Qe6 R1f3+ 41.Rg3 Nxg3 42.hxg3
Rxf7 43.Qxb3 Be5 44.Qe6 Rxg3+ 45.Kh4 Rgf3 46.Kg4 R7f4+ 47.Kh5 Rf5+ 48.Kg4 h5+
{#R} 0-1

[Event "7th HD Bank Cup 2017"]
[Site "masterchessopen.com Ho Chi Minh City VIE"]
[Date "2017.03.14"]
[Round "4.17"]
[White "Nouri,H"]
[Black "Lei Tingjie"]
[Result "1-0"]
[WhiteElo "2344"]
[BlackElo "2480"]

1.e4 c6 2.Ne2 d5 3.e5 d4 4.b4 Bf5 5.Bb2 d3 6.cxd3 e6 7.Nd4 Bg6 8.h4 h5 9.Qb3
Nd7 10.Na3 a5 11.Nxe6 fxe6 12.Qxe6+ Ne7 13.Nc4 Qc7 14.Nd6+ Kd8 15.b5 Rh6
16.Nf7+ Bxf7 17.Qxf7 Rh8 18.d4 Nd5 19.Rh3 N7b6 20.Qg6 Rh6 21.Qg5+ Qe7 22.Rf3
Kd7 23.g3 Nb4 24.Bh3+ Kc7 25.Kf1 Nc4 26.Bc3 Nd5 27.Rb1 Nxc3 28.b6+ Nxb6
29.dxc3 Re8 30.Qf5 Nc4 31.Qd3 Na3 32.Rb3 a4 33.Rb4 Rd8 34.Rxa4 Nb5 35.Qc4 Kb8
36.Ra5 Nc7 37.Qb3 Qe8 38.Rf7 Rd5 39.Ra8+ Kxa8 40.Rxc7 Rb5 41.Qa4+ Kb8 42.Rc8+
Qxc8 43.Bxc8 Be7 44.Bh3 Rh8 45.Qc2 Rf8 46.Be6 g5 47.hxg5 Bxg5 48.Kg2 h4 49.Bb3
hxg3 50.Qg6 Ka7 51.Qxg5 gxf2 52.Kf1 {#r} 1-0

[Event "7th HD Bank Cup 2017"]
[Site "masterchessopen.com Ho Chi Minh City VIE"]
[Date "2017.03.14"]
[Round "4.18"]
[White "Liu,Xiangyi"]
[Black "Sean,W"]
[Result "0-1"]
[WhiteElo "2443"]
[BlackElo "2403"]

1.e4 d5 2.exd5 Nf6 3.d4 Nxd5 4.c4 Nb6 5.Nc3 e5 6.d5 c6 7.Nf3 Bb4 8.Qb3 Bxc3+
9.Qxc3 O-O 10.d6 Bg4 11.Be3 N8d7 12.O-O-O Rc8 13.Bd3 Nd5 14.Qc2 f5 15.h3 Nb4
16.Qb3 Nxd3+ 17.Rxd3 Bxf3 18.gxf3 b6 19.f4 exf4 20.Bd4 c5 21.Bc3 Qh4 22.Qa4
Rf7 23.Re1 f3 24.Re7 Rd8 25.Qxa7 Rxe7 26.dxe7 Qxe7 27.Qc7 Qg5+ 28.Kc2 f4
29.Rd5 Qe7 30.Kb3 h6 31.h4 Kh7 32.h5 b5 33.cxb5 Qe4 34.Qc6 c4+ 35.Kb4 Qe7+
36.Qd6 Nb6 37.Qxe7 Nxd5+ 38.Kxc4 Nxe7 39.b6 g5 40.Be5 Nc6 41.Bc7 g4 42.Kc5 g3
43.Kxc6 Rg8 {#R} 0-1

[Event "7th HD Bank Cup 2017"]
[Site "masterchessopen.com Ho Chi Minh City VIE"]
[Date "2017.03.14"]
[Round "4.19"]
[White "Shyam,N"]
[Black "Ervan,Mohamad"]
[Result "1-0"]
[WhiteElo "2440"]
[BlackElo "2401"]

1.d4 Nf6 2.Bg5 e6 3.Nf3 h6 4.Bxf6 Qxf6 5.e4 d6 6.Nc3 Nd7 7.h4 a6 8.Qe2 Qd8
9.a4 b6 10.g3 c5 11.d5 e5 12.Nd2 Be7 13.h5 Nf6 14.Bh3 Bxh3 15.Rxh3 Qd7 16.Rh1
O-O 17.Nc4 Rab8 18.Ne3 b5 19.axb5 axb5 20.Nf5 Ra8 21.Rb1 Rfb8 22.Kf1 Bf8
23.Qf3 Qd8 24.Kg2 Nd7 25.Ra1 b4 26.Rxa8 Rxa8 27.Nd1 Ra2 28.Qg4 Kh8 29.Nde3
Rxb2 30.Ra1 b3 31.cxb3 Nf6 32.Qh4 Rxb3 33.Ra7 Rb4 34.Rxf7 Rxe4 35.Qh3 Qe8
36.Nxh6 Rxe3 37.Qe6 Qa8 38.fxe3 Nxd5 39.Rxf8+ Qxf8 40.Nf7+ Kg8 41.Nxd6+ {#r}
1-0

[Event "7th HD Bank Cup 2017"]
[Site "masterchessopen.com Ho Chi Minh City VIE"]
[Date "2017.03.14"]
[Round "4.21"]
[White "Ali,Muhammad Lutfi"]
[Black "Kavinda,A"]
[Result "1-0"]
[WhiteElo "2416"]
[BlackElo "2084"]

1.e4 g6 2.d4 Bg7 3.Nf3 d6 4.Bc4 a6 5.O-O b5 6.Bb3 Nf6 7.Qe2 c6 8.e5 Nd5 9.h3
O-O 10.Re1 Nc7 11.a4 d5 12.Nbd2 Bb7 13.Nf1 Nd7 14.c3 Nb6 15.Ng5 a5 16.Be3 bxa4
17.Bxa4 Ba6 18.Qc2 Nxa4 19.Rxa4 Bb5 20.Raa1 a4 21.Qd2 Ne6 22.Ng3 Nxg5 23.Bxg5
Bc4 24.Bh6 f5 25.exf6 exf6 26.Re6 Qd7 27.Rae1 Rfe8 28.Rxe8+ Rxe8 29.Rxe8+ Qxe8
30.Bxg7 Kxg7 31.Qf4 Qe1+ 32.Kh2 Qe7 33.h4 Qd7 34.h5 Bb5 35.Qb8 Qe7 36.Qf4 f5
37.Qb8 Qh4+ 38.Kg1 f4 39.Qe5+ Kh6 40.Nh1 Qxh5 41.Qxf4+ Qg5 42.Qh2+ Qh5 43.Qf4+
Qg5 44.Qf8+ Kh5 45.Ng3+ Kh4 46.Kh2 h6 47.Qg7 Bd3 48.Qd7 Qf4 49.Qe7+ g5 50.Qe6
{#r} 1-0

[Event "7th HD Bank Cup 2017"]
[Site "masterchessopen.com Ho Chi Minh City VIE"]
[Date "2017.03.14"]
[Round "4.22"]
[White "Lu Shanglei"]
[Black "Hesham,A"]
[Result "1-0"]
[WhiteElo "2624"]
[BlackElo "2336"]

1.e4 e5 2.Bc4 Nf6 3.d3 Nc6 4.Nf3 Bc5 5.O-O a6 6.Bb3 d6 7.c3 Ba7 8.Re1 O-O
9.Nbd2 Ng4 10.Re2 Kh8 11.h3 Nh6 12.Nf1 f5 13.Bxh6 gxh6 14.Ng3 fxe4 15.Rxe4 d5
16.Re1 Qd6 17.d4 e4 18.Nh2 Na5 19.Qh5 Nxb3 20.axb3 c5 21.Ne2 Bd7 22.Ng4 Rf5
23.Qxh6 Qe7 24.Nf4 Rg8 25.Ne3 Qf7 26.Nxf5 Qxf5 27.Rad1 Bb8 28.Ne2 Qf3 29.Ng3
Bxg3 30.fxg3 Rxg3 31.Rd2 {#r} 1-0

[Event "7th HD Bank Cup 2017"]
[Site "masterchessopen.com Ho Chi Minh City VIE"]
[Date "2017.03.14"]
[Round "4.23"]
[White "Michalik,P"]
[Black "Duong The Anh"]
[Result "1-0"]
[WhiteElo "2578"]
[BlackElo "2334"]

1.d4 e6 2.c4 Nf6 3.Nf3 b6 4.g3 Bb7 5.Bg2 Bb4+ 6.Nbd2 O-O 7.O-O d5 8.cxd5 exd5
9.Ne5 Bd6 10.Ndc4 Be7 11.Ne3 g6 12.b3 Nbd7 13.Bb2 Rc8 14.Rc1 c6 15.Bh3 Rc7
16.Rc2 Nb8 17.Qc1 Ne4 18.Nd3 Re8 19.Bg2 Bf8 20.Ng4 Na6 21.a3 Bg7 22.Nde5 f6
23.Nd3 Rce7 24.h4 Kh8 25.Nh2 Nb8 26.a4 a5 27.Ba3 Rf7 28.Nf3 Bc8 29.b4 Ra7
30.b5 cxb5 31.axb5 Bf5 32.Qf4 Bf8 33.Bxf8 Rxf8 34.h5 Nd6 35.hxg6 hxg6 36.Qc1
Nxb5 37.Rb2 Nd6 38.Nf4 Ne4 39.Nh4 Rg8 40.Nxf5 gxf5 41.Bxe4 fxe4 42.Ne6 Qd6
43.Qh6+ Rh7 44.Qxf6+ Rhg7 45.Kg2 {#r} 1-0

[Event "7th HD Bank Cup 2017"]
[Site "masterchessopen.com Ho Chi Minh City VIE"]
[Date "2017.03.14"]
[Round "4.24"]
[White "Torre,E"]
[Black "Vo Thi Kim Phung"]
[Result "0-1"]
[WhiteElo "2481"]
[BlackElo "2220"]

1.d4 Nf6 2.c4 e6 3.Nc3 Bb4 4.e3 c5 5.Bd3 Nc6 6.Ne2 Bxc3+ 7.Nxc3 cxd4 8.exd4
Nxd4 9.Bxh7 Rxh7 10.Qxd4 d5 11.O-O Qc7 12.h3 Qxc4 13.Qe5 Rh5 14.Qg3 g6 15.b3
Qa6 16.a4 Bd7 17.Ba3 d4 18.Ne2 e5 19.Rfe1 Be6 20.Nc1 Qa5 21.Nd3 Nd7 22.Nf4
exf4 23.Rxe6+ fxe6 24.Qxg6+ Kd8 25.Qg8+ Kc7 26.Qxa8 Ne5 27.Qf8 Nc6 28.Qxf4+
Kb6 29.Bd6 Qc3 30.Rc1 Qxb3 31.Qe4 d3 32.Bf4 Qd5 33.Qg6 Rf5 34.Rb1+ Ka6 35.Be3
Ne5 36.Qe8 Nc4 37.Rb5 Qc6 38.Qd8 Rd5 39.Rxd5 exd5 40.Qg5 Nxe3 41.Qxe3 Qc2
42.Qe6+ Ka5 43.Qxd5+ Kxa4 44.Qe4+ Ka3 45.Kh2 b5 46.h4 Qc4 47.Qe7+ Kb3 48.h5 d2
{#R} 0-1

[Event "7th HD Bank Cup 2017"]
[Site "masterchessopen.com Ho Chi Minh City VIE"]
[Date "2017.03.14"]
[Round "4.26"]
[White "Wang Jue"]
[Black "Antonio,R"]
[Result "0-1"]
[WhiteElo "2338"]
[BlackElo "2465"]

1.e4 c6 2.d4 d5 3.e5 Bf5 4.h4 Qb6 5.c4 dxc4 6.Nc3 Be6 7.Nf3 Bd5 8.b3 cxb3
9.Nxd5 cxd5 10.axb3 e6 11.Bd3 Bb4+ 12.Kf1 Nc6 13.h5 h6 14.Rh3 Bf8 15.Ra4 Nb4
16.Bb1 Ne7 17.Nh4 Nec6 18.Be3 O-O-O 19.f4 Kb8 20.Kg1 Be7 21.Nf3 a5 22.Rg3 Rdg8
23.f5 Nd8 24.Ra1 Nbc6 25.Ra2 exf5 26.Bxf5 g6 27.hxg6 fxg6 28.Bh3 g5 29.Qd2 Nb4
30.Ra1 Rf8 31.Rc1 Ne6 32.Ra1 Nf4 33.Bd7 Qc7 34.e6 Nh5 35.Rh3 g4 36.Rxh5 gxf3
37.Rc1 Qg3 38.Rh3 Qg4 39.Kh2 Rhg8 40.g3 Rf6 41.Bf4+ Ka7 42.Ra1 Qxh3+ {#R} 0-1

[Event "7th HD Bank Cup 2017"]
[Site "masterchessopen.com Ho Chi Minh City VIE"]
[Date "2017.03.14"]
[Round "4.28"]
[White "Reyes,Narquingden"]
[Black "Liu Guanchu"]
[Result "0-1"]
[WhiteElo "2318"]
[BlackElo "2441"]

1.d4 f5 2.Nf3 Nf6 3.Bf4 e6 4.e3 Be7 5.h3 b6 6.c4 Bb7 7.Nc3 O-O 8.Be2 Ne4
9.Nxe4 Bxe4 10.O-O d6 11.Nd2 Bb7 12.Bf3 Qc8 13.Bxb7 Qxb7 14.Qf3 Qxf3 15.Nxf3
a5 16.Rfe1 Nc6 17.a3 Bf6 18.Bg5 Kf7 19.Rad1 a4 20.Kf1 Na5 21.Bxf6 Kxf6 22.Nd2
c5 23.Ke2 cxd4 24.exd4 e5 25.Kd3 Rfc8 26.Rc1 Ra7 27.Rc3 Rac7 28.Rec1 Nc6 29.d5
e4+ 30.Ke3 Ne5 31.f3 exf3 32.gxf3 Re7 33.Kd4 Ng6 34.b3 Nf4 35.bxa4 Rce8 36.c5
Ne2+ 37.Kc4 bxc5 38.Kb5 Nxc3+ 39.Rxc3 Re3 40.Rxe3 Rxe3 41.a5 Rxa3 42.a6 Rxa6
43.Kxa6 Ke5 44.Nc4+ Kxd5 45.Kb5 f4 46.Nb6+ Kd4 47.Kc6 c4 48.Nd5 c3 49.Nxf4 c2
50.Ne2+ Ke3 51.Nc1 Kxf3 52.Kxd6 Kg3 53.Ke5 Kxh3 54.Ke4 Kg2 55.Kd3 h5 56.Kxc2
h4 57.Nd3 Kg3 58.Kd2 h3 59.Ke2 h2 60.Nf2 Kg2 61.Ke3 g5 62.Ke2 g4 63.Nxg4 h1=Q
{#R} 0-1

[Event "7th HD Bank Cup 2017"]
[Site "masterchessopen.com Ho Chi Minh City VIE"]
[Date "2017.03.14"]
[Round "4.30"]
[White "Swathi,G"]
[Black "Abhishek,K"]
[Result "0-1"]
[WhiteElo "2254"]
[BlackElo "2381"]

1.e4 c6 2.Nc3 d5 3.Nf3 dxe4 4.Nxe4 Nf6 5.Ng3 g6 6.d4 Bg7 7.Bc4 Nd5 8.h3 O-O
9.O-O a5 10.a4 Nc7 11.Re1 Be6 12.Bf1 Bd5 13.Ne5 Nd7 14.c4 Nxe5 15.dxe5 Be6
16.Qb3 Rb8 17.Bg5 Na6 18.f4 f6 19.exf6 exf6 20.Rad1 Qc7 21.f5 fxg5 22.fxe6 Nc5
23.Qe3 Qe7 24.Ne4 Nxe4 25.Qxe4 Rbd8 26.b3 Bc3 27.Rxd8 Rxd8 28.Rc1 Bd4+ 29.Kh1
Bc5 30.Be2 Rd6 31.Bg4 Rd4 32.Qe5 h5 33.Rd1 Rd6 34.Qe4 Qf6 35.Re1 Rd4 36.Qf3
Rf4 37.Qe2 hxg4 38.e7 Bxe7 39.Qxe7 Rf1+ {#R} 0-1

[Event "7th HD Bank Cup 2017"]
[Site "masterchessopen.com Ho Chi Minh City VIE"]
[Date "2017.03.14"]
[Round "4.31"]
[White "Li Ruofan"]
[Black "Tong,Thai Hung"]
[Result "1-0"]
[WhiteElo "2352"]
[BlackElo "2182"]

1.d4 d5 2.c4 e6 3.cxd5 exd5 4.Nc3 c6 5.Bf4 Bf5 6.e3 Nf6 7.Bd3 Bxd3 8.Qxd3 Be7
9.h3 O-O 10.Nf3 Nbd7 11.O-O Re8 12.Rab1 a5 13.Rfc1 h6 14.Qc2 Bf8 15.Nd2 Re6
16.a3 Qe8 17.Bh2 g6 18.Re1 Nh7 19.Nf3 Nhf6 20.Nd2 Nh7 21.Ne2 f5 22.Nf4 Rf6
23.b4 b5 24.Nd3 axb4 25.axb4 Nb6 26.Be5 Rf7 27.Nf4 Rfa7 28.Rec1 Nc4 29.Nxc4
bxc4 30.b5 Ra2 31.Qd1 Bg7 32.b6 Bxe5 33.dxe5 Nf8 34.Nxd5 cxd5 35.Qxd5+ Qe6
36.Qxe6+ Nxe6 37.b7 Rb8 38.Rxc4 Rd2 39.Rc6 Kf7 40.Rbb6 Nf8 41.Rc8 Nd7 42.e6+
{#r} 1-0

[Event "7th HD Bank Cup 2017"]
[Site "masterchessopen.com Ho Chi Minh City VIE"]
[Date "2017.03.14"]
[Round "4.32"]
[White "Le Huu Thai"]
[Black "Pham Le Thao Nguyen"]
[Result "1-0"]
[WhiteElo "2167"]
[BlackElo "2351"]

1.d4 Nf6 2.Nf3 e6 3.Bf4 b6 4.e3 Bb7 5.Bd3 Be7 6.h3 d6 7.O-O O-O 8.Nbd2 c5 9.c4
Nbd7 10.Qe2 Re8 11.Rfd1 Bf8 12.Bg5 Qc7 13.Rac1 g6 14.e4 cxd4 15.Nxd4 a6 16.Qe3
Bg7 17.Bh6 Bh8 18.Bb1 Rac8 19.Ne2 Ne5 20.Ng3 Nc6 21.Ndf1 Nd7 22.Qd2 Nd4 23.Be3
e5 24.Ne2 Nxe2+ 25.Qxe2 Bg7 26.Qd2 Re6 27.f3 Bf8 28.Ng3 Qb8 29.b4 Ree8 30.a3
Bc6 31.Qf2 Be7 32.Ne2 b5 33.Ba2 Nf6 34.c5 dxc5 35.bxc5 Red8 36.Nc3 Qb7 37.Kh2
Kg7 38.Nd5 Ng8 39.f4 Qb8 40.fxe5 Qxe5+ 41.Bf4 Qxe4 42.Nxe7 Rxd1 43.Nxc6 Rxc1
44.Bxc1 f6 45.Nd4 Kf8 46.c6 Qe7 47.Bf4 Qxa3 48.Be6 Re8 49.c7 Qc5 50.Bg3 Ne7
51.Bd7 b4 52.Qb2 Ra8 53.Ne6+ {#r} 1-0

[Event "7th HD Bank Cup 2017"]
[Site "masterchessopen.com Ho Chi Minh City VIE"]
[Date "2017.03.14"]
[Round "4.33"]
[White "Pham Thi Thu Hien"]
[Black "Hoang Thi Bao Tram"]
[Result "0-1"]
[WhiteElo "2154"]
[BlackElo "2340"]

1.e4 c6 2.d4 d5 3.exd5 Qxd5 4.c4 Qd6 5.Nc3 Nf6 6.h3 Bf5 7.Nf3 e6 8.Bd3 Bxd3
9.Qxd3 Be7 10.O-O O-O 11.Bg5 Nbd7 12.a3 Rfe8 13.Qe3 Qc7 14.Bf4 Qb6 15.b4 a5
16.b5 a4 17.c5 Qa5 18.bxc6 bxc6 19.Ne5 Nxe5 20.Bxe5 Nd7 21.Ne4 Nxe5 22.dxe5
Reb8 23.Rfd1 Rb3 24.Qf4 Qa7 25.Nd6 Rf8 26.Rd4 Qxc5 27.Rc4 Qd5 28.Rd4 Bg5
29.Qe4 Qxe4 30.Nxe4 Bf4 31.Nf6+ gxf6 32.Rxf4 fxe5 33.Rxa4 Rd8 34.Rc4 Rb6
35.Rac1 Ra6 36.Rxc6 Rxa3 37.R1c2 Rd1+ 38.Kh2 Rad3 39.Ra6 Kg7 40.Ra7 Rd4 41.g3
R1d2 42.Raa2 Rxc2 43.Rxc2 Kg6 44.Kg2 e4 45.Ra2 Rd3 46.Re2 f5 47.Kh2 Kf6 48.Kg2
Kg5 49.Re1 Rd2 50.Re3 h5 51.h4+ Kf6 52.Re1 Ke5 53.Re3 Ra2 54.Kf1 Rc2 55.Ra3
Rc5 56.Rb3 Kd5 57.Ra3 e5 58.Ra2 f4 59.gxf4 exf4 60.Kg2 Kd4 61.Rd2+ Ke5 62.Rd8
Kf5 63.Rg8 Rc2 64.Rg5+ Kf6 65.Kg1 f3 66.Rxh5 Rc1+ 67.Kh2 e3 {#R} 0-1

[Event "7th HD Bank Cup 2017"]
[Site "masterchessopen.com Ho Chi Minh City VIE"]
[Date "2017.03.14"]
[Round "4.34"]
[White "Bogdanovich,S"]
[Black "Nguyen Thi Thanh An"]
[Result "1-0"]
[WhiteElo "2602"]
[BlackElo "2283"]

1.e4 c6 2.d4 d5 3.e5 c5 4.dxc5 Nc6 5.Nf3 Bg4 6.Bb5 e6 7.Be3 Qc7 8.Nbd2 Ne7
9.c3 Nf5 10.Bd4 Be7 11.O-O O-O 12.h3 Nfxd4 13.cxd4 Bh5 14.Qc2 Bg6 15.Qc3 Rfc8
16.b4 b6 17.a3 a6 18.Bd3 bxc5 19.bxc5 Nxd4 20.Nxd4 Qxe5 21.Bxg6 hxg6 22.N2b3
Bd6 23.f4 Qf6 24.Rac1 Rab8 25.Qd3 Bf8 26.Kh1 a5 27.a4 Rb4 28.Qa6 Qd8 29.c6
Rxa4 30.Nb5 Rc4 31.Rxc4 dxc4 32.c7 Rxc7 33.Nxc7 Qxc7 34.Nxa5 c3 35.Nc4 c2
36.Rc1 Qxf4 37.Rxc2 Bd6 38.Qa8+ Bf8 {#r} 1-0

[Event "7th HD Bank Cup 2017"]
[Site "masterchessopen.com Ho Chi Minh City VIE"]
[Date "2017.03.14"]
[Round "4.35"]
[White "Kyaw Lin Naing"]
[Black "Puranik,A"]
[Result "0-1"]
[WhiteElo "2289"]
[BlackElo "2477"]

1.e4 e5 2.Nf3 Nc6 3.Bb5 a6 4.Ba4 Nf6 5.O-O Nxe4 6.d4 b5 7.Bb3 d5 8.dxe5 Be6
9.Nbd2 Be7 10.Qe2 Nc5 11.c3 Qd7 12.Nd4 Nxb3 13.N2xb3 O-O 14.Nxc6 Qxc6 15.Be3
f6 16.Bd4 Rae8 17.Rae1 fxe5 18.Qxe5 Rf6 19.Qe2 Rg6 20.f4 Bf5 21.Nc5 Qxc5
22.Qe5 Bd7 23.f5 Rf6 24.Qg3 Qd6 25.Bxf6 Qxg3 26.hxg3 Bxf6 27.Rxe8+ Bxe8 28.Rd1
Bf7 29.Kf2 c5 30.a3 Kf8 31.g4 h6 32.Ke3 d4+ 33.cxd4 Bxd4+ 34.Ke4 Bxb2 35.Rd8+
Ke7 36.Ra8 Bb3 37.Ra7+ Kd8 38.Rxa6 c4 39.Kd5 c3+ 40.Kd6 Ke8 {#R} 0-1

[Event "7th HD Bank Cup 2017"]
[Site "masterchessopen.com Ho Chi Minh City VIE"]
[Date "2017.03.14"]
[Round "4.37"]
[White "Dimakiling,O"]
[Black "Tran Ngoc Lan"]
[Result "0-1"]
[WhiteElo "2405"]
[BlackElo "2254"]

1.Nf3 d5 2.b3 Nf6 3.e3 c6 4.Bb2 Bf5 5.Nh4 Bg4 6.f3 Be6 7.g3 Nbd7 8.Nc3 g5
9.Ng2 Bh3 10.d4 e6 11.Qd2 g4 12.fxg4 Nxg4 13.Nf4 Bxf1 14.Rxf1 Bb4 15.a3 Bxc3
16.Bxc3 Ndf6 17.Qe2 Rg8 18.O-O-O Ne4 19.Be1 Qg5 20.h3 Ngf6 21.g4 e5 22.dxe5
Qxe5 23.Rd4 O-O-O 24.Nd3 Qd6 25.Ra4 a6 26.Rf5 Rde8 27.Kb2 Rg5 28.Rf4 Qe6
29.Qf1 Nd7 30.Rxf7 Nef6 31.Qf4 Qxf7 32.Qxg5 Ne4 33.Qf4 Qg7+ 34.Ka2 Rf8 35.Rxe4
Rxf4 36.Rxf4 Qe7 37.Bf2 Qg7 38.e4 Qc3 39.Kb1 Ne5 40.Be1 Qd4 41.Bf2 Qc3 42.Rf8+
Kd7 43.Nxe5+ Qxe5 44.exd5 Qxd5 45.h4 Qd1+ 46.Kb2 Qxg4 47.Rf7+ Ke6 48.Rxb7 Qf4
49.Be1 Qe4 50.Bc3 Qxh4 51.Rb6 Qe4 52.Rxa6 h5 53.Ra5 h4 54.Rh5 Qg4 55.Rh6+ Kd5
56.a4 h3 57.a5 Kc5 58.Rh7 Kb5 59.Rb7+ Ka6 60.Rb6+ Ka7 61.Be5 Qe2 62.Bb8+ Ka8
63.Bd6 Qe4 64.Rb8+ Ka7 65.Rd8 Qf5 66.Bb8+ Kb7 {#R} 0-1

[Event "7th HD Bank Cup 2017"]
[Site "masterchessopen.com Ho Chi Minh City VIE"]
[Date "2017.03.14"]
[Round "4.39"]
[White "Li,Yankai"]
[Black "Thilakarathne,G M H"]
[Result "1-0"]
[WhiteElo "2389"]
[BlackElo "2213"]

1.e4 c5 2.Nf3 e6 3.d4 cxd4 4.Nxd4 a6 5.c4 Nf6 6.Nc3 Qc7 7.a3 b6 8.Be3 Bb7 9.f3
d6 10.Be2 Nbd7 11.O-O Be7 12.Qd2 O-O 13.Qe1 Rac8 14.a4 Qb8 15.a5 bxa5 16.Rxa5
Rfe8 17.Ra1 Ne5 18.Na4 Nfd7 19.b4 Bf6 20.Rb1 Qa8 21.c5 dxc5 22.bxc5 Red8
23.Qa5 Nc6 24.Nxc6 Rxc6 25.Rfd1 Be7 26.Rd2 Nxc5 27.Nxc5 Rxd2 28.Qxd2 Rxc5
29.Qd7 Qc8 30.Rxb7 {#r} 1-0

[Event "7th HD Bank Cup 2017"]
[Site "masterchessopen.com Ho Chi Minh City VIE"]
[Date "2017.03.14"]
[Round "4.41"]
[White "Chu Wei Chao"]
[Black "Tran Le Dan Thuy"]
[Result "1-0"]
[WhiteElo "2328"]
[BlackElo "2028"]

1.d4 d5 2.c4 e6 3.Nf3 Nf6 4.g3 b6 5.Bg2 Bb7 6.Ne5 Bb4+ 7.Nc3 O-O 8.O-O Qc8
9.cxd5 Bxc3 10.bxc3 Nxd5 11.e4 Nf6 12.Re1 c5 13.d5 exd5 14.exd5 Qf5 15.g4 Qc8
16.c4 Re8 17.g5 Nfd7 18.Nxf7 Rxe1+ 19.Qxe1 Kxf7 20.Qe6+ Kf8 21.g6 hxg6 22.Bf4
Ne5 23.Qxe5 Qf5 24.Qd6+ Kg8 25.Re1 Na6 26.Bg3 Rf8 27.Be4 Qf6 28.Bxg6 Nb4 29.a3
Nxd5 30.cxd5 Rd8 31.Qe6+ {#r} 1-0

[Event "7th HD Bank Cup 2017"]
[Site "masterchessopen.com Ho Chi Minh City VIE"]
[Date "2017.03.14"]
[Round "4.42"]
[White "Chen,Qi b"]
[Black "Godbole,A"]
[Result "1-0"]
[WhiteElo "2328"]
[BlackElo "2100"]

1.e4 e5 2.Nf3 Nc6 3.Bb5 a6 4.Ba4 Nf6 5.d3 d6 6.c3 Be7 7.O-O b5 8.Bc2 O-O
9.Nbd2 Re8 10.Re1 Bf8 11.Nf1 g6 12.h3 Bg7 13.Ng3 d5 14.d4 dxe4 15.Nxe4 Nxe4
16.Bxe4 Bb7 17.Bg5 Qc8 18.Bxc6 Bxc6 19.Nxe5 Bd5 20.Ng4 Qf5 21.Bh6 Qh5 22.Bxg7
Kxg7 23.Qd2 Qf5 24.Re5 Rxe5 25.dxe5 Bb7 26.Re1 g5 27.e6 fxe6 28.Qd7+ Qf7
29.Qd4+ Kf8 30.Qc5+ Qe7 31.Qe5 {#r} 1-0